Сообщение о Лорис-Меликове М. Т.

RUSMARC
00004875nac2a22003493x 450
001e9b25602-f279-43fd-90ef-f56284f4aabb
00520240819192511.0
100##$a20240716l1888 k y0rusy50 ca
1010#$afre
102##$aRU
105##$ay z |||||
1220#$ad18881231
2001#$aСообщение о Лорис-Меликове М. Т.
$j[18--]
215##$a2 листа
$d37 х 24,7
251##$cДело
300##$aТекст на французском языке
300##$aЗаголовок дела на папке: Сообщение о Лорис-Меликове М. Т. на франц. яз.
300##$aНа папке дела: б/д
300##$aРукописный текст
325##$aЗамикрофильмировано
330##$aВходит в раздел описи: Отзывы прессы о Лорис-Меликове М. Т.
461#0$1001cda3d175-ae4a-411a-8dea-9cc20fb178f6
$12001
$aЛорис-Меликов Михаил Тариелович, граф, министр внутренних дел, главный начальник "верховной распорядительной комиссии по охранению государственного порядка и общественного спокойствия", генерал от кавалерии
$1251
$cФонд
$1852
$j569
462#0$1001163e060a-d7cc-404d-90ee-e28c9801971b
$12001
$aОпись дел фонда М. Т. Лорис-Меликова за 1858-1915 гг.
$vД. 118
$1251
$cОпись
$1852
$j1
5171#$aСообщение о Лорис-Меликове М. Т. на франц. яз.
600#1$aЛорис-Меликов
$bМ. Т.
$gМихаил Тариелович
605##$3DITM\AF\0000002775
$aВласть
$lколлекция
$2acquisition_prlib
6101#$aСообщения
686##$a63.3(2)535-332ю1
$cИстория
$2rubbk
686##$a67.400.6ю1
$cПраво
$2rubbk
801#0$aRU
$bGA_RF
801#1$aRU
$bГлавНИВЦ
$c20240716
$2rusmarc
801#2$aRU
$bПБ им. Б.Н. Ельцина
$c20240819
$gRCR
$2rusmarc
852##$aГА РФ
$j118
937##$d193623108
$hГАРФ
035##$aRuPRLIB51076477
856##$uhttp://readingroom.main.prlib.ru/item.aspx?id_node=n193623108&mode=full
Формат отображения